000 00705nam a2200205Ia 4500
003 GCL
008 140319s9999 xx 000 0 ara d
040 _aGCL /
_cGCL
082 0 4 _a811.9
_bع ش
100 1 _aعبدالقادر القط
245 1 0 _aالشعر: مجلة شهرية الشعر العربى /
_cعبدالقادر القط
300 _a126 ص
490 _aالهيئة العامة للاستعلامات
_v0
650 0 4 _aالشعر العربى
650 0 4 _aالادب العربى
650 0 4 _aالشعر العربى المعاصر
650 0 4 _aالشعر العربى - ابى فراس
650 0 4 _aالشعر العربى - دواوين وقصائد
942 _2ddc
_cBK
999 _c51033
_d51033